00417 a2200121 4500100002600000245004300026300003200069650003100101773005100132942000700183952008800190999001700278 aFUGU, Mohammed924108 aChief, 6 others killed in Lukula clash aFriday June 2, 2023 Page 20 aChieftaincy Dispute9241090 x22196dAccra Daily Graphic 2023tDaily Graphic cPR 001040718PRaPLbPLcTFEWd2023-07-10l0r2023-07-10 00:00:00t1w2023-07-10yPR c45185d45185